000 00596nam a2200181Ia 4500
008 100921s9999 xx 000 0 und d
082 _b23415
_a891.463 थ 90
100 _aकाळे वैजयंती.
245 _aभुरळ.
260 _bदिलिप प्रकाशन,मुंबई.
_c1990
300 _a220
_bभावे पुस्तक भांडार,पुणे
365 _b70
520 _aललित-कादंबरी.
630 _aभुरळ.
650 _aललित-कादंबरी.
730 _aभुरळ.
942 _cBOOK
999 _c772528
_d772525